000 00616nam a2200181Ia 4500
008 090124s9999 xx 000 0 und d
082 _b28606
_a3816
100 _aदाभोलकर नरेंद्र
245 _a श्रध्दा - अंधश्रध्दा
250 _a1
260 _c1996
300 _a134+2
600 _aदाभोलकर नरेंद्र
630 _a श्रध्दा - अंधश्रध्दा
700 _aदाभोलकर नरेंद्र
730 _a श्रध्दा - अंधश्रध्दा
942 _cBOOK
999 _c142062
_d142062